000 00378nam a2200133Ia 4500
008 151001s9999||||xx |||||||||||||| ||und||
100 _aहरी नारायण आपटे
245 _aचानाक्षपणाचा कळस
250 _a5
260 _bआर्यभूषण मुद्रणालय
260 _c1964
300 _a138
365 _b21
999 _c956672
_d956669